| 000 | 00850cam a2200301 4500 | ||
|---|---|---|---|
| 001 | 2657754 | ||
| 003 | OSt | ||
| 005 | 20140310182657.0 | ||
| 008 | 700720s1970 miub b 000 0 engd | ||
| 010 | _a 71122967 | ||
| 040 |
_aDLC _cDLC _dDLC |
||
| 050 | 0 | 0 |
_aBS 647.2 _b.L752 1970 |
| 082 | 0 | 0 |
_aM 220.15 _bL64 1976 |
| 100 | 1 | _aLindsey, Hal. | |
| 245 | 1 | 4 |
_aThe late great planet earth, _cLindsey, Hal |
| 260 |
_aGrand Rapids, Michigan : _bZondervan Publishing House, _cc1970. |
||
| 300 |
_a180 p. _c18 cm. |
||
| 350 | _a3.95 | ||
| 504 | _aIncludes bibliographical references. | ||
| 521 | _aCollege Students | ||
| 526 | _c1210L-1700L | ||
| 541 | _j1 | ||
| 562 | _e1 | ||
| 630 | 0 |
_aBible _xProphecies. |
|
| 700 | 1 |
_aCarlson, Carole C., _ejoint author. |
|
| 906 |
_a7 _bcbc _corignew _d2 _encip _f19 _gy-gencatlg |
||
| 942 |
_2lcc _cBK _kM |
||
| 999 |
_c15132 _d15132 |
||